MLB Los Angeles Angels Best Players - Statistics

General Stats
  • This quiz has been taken 28 times
  • The average score is 12 of 24
Answer Stats
WAR Years Player Pos. Awards % Correct
87.5 2011 - Active Mike Trout CF 9X SS, 2012 ROY, 2014 2016 2019 MVP
100%
34.6 2018 - 2023 Shohei Ohtani DH 2X SS, 2018 ROY, 2021 2023 MVP
92%
40.2 1972 - 1979 Nolan Ryan P
84%
40.6 1992 - 2006 Tim Salmon RF SS, 1993 ROY
80%
22.8 2004 - 2009 Vladimir Guerrero RF 4X SS, 2004 MVP
80%
28.1 1994 - 2008 Garret Anderson LF 2X SS
64%
19.9 2016 - 2020 Andrelton Simmons SS 2X GG
60%
51.8 1986 - 1999 Chuck Finley P
60%
35.9 2006 - 2016 Jered Weaver P
60%
22.6 1998 - 2004 Troy Glaus 3B
60%
32.6 1996 - 2006 Darin Erstad 1B 3X GG, SS
44%
24.5 2002 - 2009 John Lackey P
44%
28.5 2006 - 2014 Howie Kendrick 2B
40%
22.4 2002 - 2009 Chone Figgins 3B
36%
20.5 1993 - 1999 Jim Edmonds CF 2X GG
36%
38.0 1978 - 1990 Brian Downing LF
32%
20.7 2008 - 2012 Torii Hunter CF 2X GG, SS
32%
35.1 1977 - 1986 Bobby Grich 2B SS
28%
23.0 2006 - 2015 Erick Aybar SS GG
28%
45.9 1961 - 1971 Jim Fregosi SS
28%
26.0 1990 - 1997 Mark Langston P 5X GG
28%
34.3 1973 - 1980 Frank Tanana P
24%
21.8 1981 - 1990 Mike Witt P
20%
20.6 1998 - 2005 Jarrod Washburn P
12%
No matching quizzes found
Score Distribution
Percent of People with Each Score
Percentile by Number Answered
Your Score History
You have not taken this quiz